<?xml version="1.0" encoding="UTF-8"?>
<marc:record xmlns:marc="http://www.loc.gov/MARC21/slim">
   <marc:leader>00000nam a2200000 a 4500</marc:leader>
   <marc:datafield ind1="1" ind2=" " tag="100">
      <marc:subfield code="a">Gottschalk, Thomas</marc:subfield>
      <marc:subfield code="4">ctb</marc:subfield>
      <marc:subfield code="e">Mitwirkende/-r</marc:subfield>
   </marc:datafield>
   <marc:datafield ind1="1" ind2=" " tag="100">
      <marc:subfield code="a">Hoell, Joachim</marc:subfield>
      <marc:subfield code="4">ctb</marc:subfield>
      <marc:subfield code="e">Mitwirkende/-r</marc:subfield>
   </marc:datafield>
   <marc:datafield ind1="0" ind2="0" tag="245">
      <marc:subfield code="a">Herbstblond</marc:subfield>
   </marc:datafield>
   <marc:datafield ind1="0" ind2="0" tag="245">
      <marc:subfield code="b">die Autobiographie ; gekürzte Lesung</marc:subfield>
   </marc:datafield>
   <marc:datafield ind1="0" ind2="0" tag="245">
      <marc:subfield code="c">Thomas Gottschalk</marc:subfield>
   </marc:datafield>
   <marc:datafield ind1=" " ind2="1" tag="264">
      <marc:subfield code="a">München</marc:subfield>
      <marc:subfield code="b">Random House Audio</marc:subfield>
      <marc:subfield code="c">2015</marc:subfield>
   </marc:datafield>
   <marc:datafield ind1="1" ind2=" " tag="520">
      <marc:subfield code="a">Angaben aus der Verlagsmeldung

Herbstblond : Die Autobiographie / von Thomas Gottschalk

GOLDBÄR. SUPERNASE. SHOW-TITAN.

98 Prozent aller Deutschen kennen Thomas Gottschalk. Zwei Generationen sind mit ihm aufgewachsen. Er brachte frischen Wind ins Radio und prägte einen neuen Stil der Fernsehunterhaltung. Als Kinostar und Werbefigur wurde er zum Kult, als Showmaster ist er Legende.

Zum ersten Mal erzählt er jetzt aus seinem Leben: von der Kindheit und Jugend im fränkischen Kulmbach, von seinem Aufstieg zum Medienstar und seinen Begegnungen mit den Großen dieser Welt, von Rückzugsorten und Glücksvorstellungen, von Familie und Freunden, tragischen und glanzvollen Momenten. – So nah wie in diesem Hörbuch ist Thomas Gottschalk uns noch nie gekommen: nachdenklich, selbstironisch, lebensklug und ehrlich!

(4 CDs, Laufzeit: 5h)

</marc:subfield>
   </marc:datafield>
   <marc:datafield ind1=" " ind2=" " tag="020">
      <marc:subfield code="a">9783837130768</marc:subfield>
      <marc:subfield code="9">9783837130768</marc:subfield>
   </marc:datafield>
   <marc:datafield ind1=" " ind2=" " tag="020">
      <marc:subfield code="a">3837130762</marc:subfield>
      <marc:subfield code="9">3837130762</marc:subfield>
   </marc:datafield>
   <marc:datafield ind1=" " ind2=" " tag="041">
      <marc:subfield code="a">ger</marc:subfield>
   </marc:datafield>
   <marc:datafield ind1="0" ind2=" " tag="490">
      <marc:subfield code="v">0</marc:subfield>
   </marc:datafield>
   <marc:datafield ind1=" " ind2=" " tag="300">
      <marc:subfield code="a">4 CDs (ca. 4 Std. 33 Min.)</marc:subfield>
   </marc:datafield>
</marc:record>
